And the river ran red : a novel of the massacre at ... Read More
Available copies
- 2 of 2 copies available at LARL/NWRL Consortium.
- 2 of 2 copies available at Lake Agassiz Regional Library. (Show preferred library)
Current holds
0 current holds with 2 total copies.
View other formats and editions
Show Only Available Copies
| Location | Call Number / Copy Notes | Barcode | Shelving Location | Status | Due Date |
|---|---|---|---|---|---|
| Detroit Lakes Public Library | W MIL (Text) | 33500013494182 | Main | Available | - |
| Moorhead Public Library | W MIL (Text) | 33500013494190 | Main | Available | - |
Record details
- ISBN: 9781432878863
- ISBN: 1432878867
- Physical Description: 214 pages ; 21 cm
- Edition: First edition.
- Publisher: Waterville, Maine : Five Star, a part of Gale, a Cengage Company, 2021.
Content descriptions
| Summary, etc.: | "January 29, 1863. United States Army troops ... Read More |
Search for related items by subject
| Subject: | Bear River Massacre, Idaho, 1863 > Fiction. Idaho. |
| Genre: | Fiction. Historical fiction. Western stories. Historical fiction. Western fiction. Novels. |
| LDR | 02600cam a22004698i 4500 | ||
|---|---|---|---|
| 001 | 379466 | ||
| 003 | LARL_NWRL_CONSORTIUM | ||
| 005 | 20211115170226.0 | ||
| 008 | 210311s2021 meu 000 1 eng | ||
| 010 | . | ‡a 2021011534 | |
| 040 | . | ‡aDLC ‡beng ‡erda ‡cDLC ‡dOCLCO ‡dOCLCF ‡dBDX ‡dYDX ‡dDLC ‡dOCLCO ‡dIFK ‡dINR | |
| 020 | . | ‡a9781432878863 ‡q(hardcover) | |
| 020 | . | ‡a1432878867 | |
| 035 | . | ‡a(OCoLC)1242022231 | |
| 042 | . | ‡apcc | |
| 043 | . | ‡an-us-id | |
| 082 | 0 | 0. | ‡a813/.6 ‡223 |
| 100 | 1 | . | ‡aMiller, Rod, ‡d1952- ‡eauthor. ‡0(LARL_NWRL_CONSORTIUM)193535 |
| 245 | 1 | 0. | ‡aAnd the river ran red : ‡ba novel of the massacre at Bear River / ‡cRod Miller. |
| 250 | . | ‡aFirst edition. | |
| 264 | 1. | ‡aWaterville, Maine : ‡bFive Star, a part of Gale, a Cengage Company, ‡c2021. | |
| 300 | . | ‡a214 pages ; ‡c21 cm | |
| 336 | . | ‡atext ‡btxt ‡2rdacontent | |
| 337 | . | ‡aunmediated ‡bn ‡2rdamedia | |
| 338 | . | ‡avolume ‡bnc ‡2rdacarrier | |
| 520 | . | ‡a"January 29, 1863. United States Army troops attack a Shoshoni village on the banks of the Bear River in what is now southeastern Idaho. Four hours later, the army abandons the field, leaving behind the dead bodies of some three hundred men, women, and children. This all-but-forgotten massacre stands today as the worst killing of Indians by the military in the history of the American West. In the pages of And the River Ran Red, four-time Spur Award-winning author Rod Miller puts human faces and feelings on this incomparable tragedy. Follow Shoshoni leaders Bear Hunter and Sagwitch, military officers Colonel Patrick Edward Connor and Major Edward F. McGarry, Mormon leader Brigham Young, and frontiersman Porter Rockwell in a tapestry of intrigue and violence leading up to the massacre, and its aftermath. Chilling in its detail, scrupulous in its portrayal of history, And the River Ran Red sheds light on a dark day that deserves to come out of the shadows and find its place in the history of the West"-- ‡cProvided by publisher. | |
| 650 | 0. | ‡aBear River Massacre, Idaho, 1863 ‡vFiction. | |
| 651 | 7. | ‡aIdaho. ‡2fast ‡0(LARL_NWRL_CONSORTIUM)4682 | |
| 647 | 7. | ‡aBear River Massacre ‡c(Idaho : ‡d1863) ‡2fast ‡0(OCoLC)fst00829256 | |
| 648 | 7. | ‡a1863 ‡2fast | |
| 655 | 7. | ‡aFiction. ‡2fast | |
| 655 | 7. | ‡aHistorical fiction. ‡2gsafd | |
| 655 | 7. | ‡aWestern stories. ‡2gsafd | |
| 655 | 7. | ‡aHistorical fiction. ‡2lcgft | |
| 655 | 7. | ‡aWestern fiction. ‡2lcgft | |
| 655 | 7. | ‡aNovels. ‡2lcgft | |
| 901 | . | ‡a379466 ‡b ‡c379466 ‡tbiblio | |

Add to basket
Permalink
Enable Highlighting